Города Мурманской области - Statistics

General Stats
  • This quiz has been taken 70 times
  • The average score is 11 of 16
Answer Stats
Население Город % Correct
266 681 Мурманск
100%
48 748 Апатиты
89%
43 394 Североморск
89%
28 438 Кандалакша
83%
39 477 Мончегорск
81%
24 271 Кировск
77%
8933 Кола
77%
14 078 Полярные Зори
74%
12 154 Полярный
74%
14 231 Заполярный
72%
9088 Гаджиево
62%
20 875 Оленегорск
60%
1412 Островной
58%
15 423 Ковдор
51%
10 023 Снежногорск
45%
7760 Заозёрск
34%
No matching quizzes found
Score Distribution
Percent of People with Each Score
Percentile by Number Answered
Your Score History
You have not taken this quiz